[Event "Loire Cup 2000 Phase Ligue"]
[Site "Loire"]
[Date "2003.02.23"]
[Round "3"]
[White "Bion, Nicolas"]
[Black "Davard, Christophe"]
[Result "0-1"]
[WhiteElo "1470"]
[BlackElo "1650"]
[PlyCount "92"]
[EventDate "2003.02.23"]
[EventType "team-tourn"]
[EventRounds "3"]
[EventCountry "FRA"]
[SourceTitle "EXT 2008"]
[Source "ChessBase"]
[SourceDate "2007.11.25"]
[SourceVersion "1"]
[SourceVersionDate "2007.11.25"]
[SourceQuality "1"]

1. Nf3 g6 2. d4 Bg7 3. e4 b6 4. d5 Bb7 5. e5 Nh6 6. Bf4 0-0 7. Nc3 d6 8. Qd2 Ng4 9. Qe2 dxe5 10. Nxe5 Nxe5 11. Bxe5 Nd7 12. Bxg7 Kxg7 13. 0-0-0 Nf6 14. Qf3 Qc8 15. g3 e6 16. Bh3 Qe8 17. Rhe1 Rd8 18. Ne4 Nxe4 19. Qxe4 Bxd5 20. Qe5+ Kg8 21. Qxc7 Qa4 22. a3 Rc8 23. Qxc8 Rxc8 24. c3 Rc4 25. Bf1 Re4 26. Be2 Bc4 27. Bxc4 Rxe1 28. Rxe1 Qxc4 29. Rd1 Kg7 30. f3 Qe2 31. Rd2 Qxf3 32. Kc2 h5 33. Kb3 e5 34. a4 e4 35. Rd4 e3 36. Rd3 Qf2 37. Kb4 e2 38. Kb5 Qc5+ 39. Ka6 Qc4+ 40. Kxa7 Qxd3 41. Kxb6 Qc4 42. a5 Qb3+ 43. Kc6 Qxb2 44. a6 Qxc3+ 45. Kb7 e1R 46. a7 Rb1+ 0-1